| 000 | 00445 a2200169 4500 | ||
|---|---|---|---|
| 003 | NUST | ||
| 005 | 20221209173522.0 | ||
| 028 | _a297.124 | ||
| 040 | _cNust | ||
| 082 | _a297.1227,ZAH | ||
| 100 |
_aZahid , Shakil _9104577 |
||
| 245 |
_aQuran hakeem : _bAsam tarjuma aur tafseer (Jild-3) / _cShakil Zahid |
||
| 250 | _ajeld .3 | ||
| 260 |
_aLahore , pakistan _bAdara Quran hakeem _c2011 |
||
| 300 | _a191p.; | ||
| 942 |
_2ddc _cBK _k297.1227,ZAH |
||
| 999 |
_c194066 _d194066 |
||